Nothing belongs to you / (Record no. 492682)
[ view plain ]
| 000 -LEADER | |
|---|---|
| fixed length control field | 00959nam a22002297a 4500 |
| 003 - CONTROL NUMBER IDENTIFIER | |
| control field | OSt |
| 005 - DATE AND TIME OF LATEST TRANSACTION | |
| control field | 20260511160756.0 |
| 008 - FIXED-LENGTH DATA ELEMENTS--GENERAL INFORMATION | |
| fixed length control field | 260511b |||||||| |||| 00| 0 eng d |
| 020 ## - INTERNATIONAL STANDARD BOOK NUMBER | |
| International Standard Book Number | 9781529422832 |
| 040 ## - CATALOGING SOURCE | |
| Original cataloging agency | Kenya National Library Service |
| 082 ## - DEWEY DECIMAL CLASSIFICATION NUMBER | |
| Classification number | 843.92 APP |
| 100 ## - MAIN ENTRY--PERSONAL NAME | |
| Personal name | Appanah, Nathacha |
| 245 ## - TITLE STATEMENT | |
| Title | Nothing belongs to you / |
| Statement of responsibility, etc. | Nathacha Appanah ; translated from French by Jeffrey Zuckerman. |
| 300 ## - PHYSICAL DESCRIPTION | |
| Extent | 143 pages ; |
| Dimensions | 20 cm |
| 520 ## - SUMMARY, ETC. | |
| Summary, etc. | The novel explores the intense friendship between two girls and the emotional consequences that follow into adulthood. Through themes of memory, loss, identity, and human connection, the story examines how past experiences shape personal relationships and emotional lives. |
| 650 ## - SUBJECT ADDED ENTRY--TOPICAL TERM | |
| Topical term or geographic name entry element | Friendship -- Fiction |
| 650 ## - SUBJECT ADDED ENTRY--TOPICAL TERM | |
| Topical term or geographic name entry element | Emotional trauma -- Fiction |
| 700 ## - ADDED ENTRY--PERSONAL NAME | |
| Personal name | Zuckerman, Jeffrey |
| Relator term | translator |
| 942 ## - ADDED ENTRY ELEMENTS (KOHA) | |
| Source of classification or shelving scheme | Dewey Decimal Classification |
| Koha item type | Books |
| Suppress in OPAC | No |
| Withdrawn status | Source of classification or shelving scheme | Damaged status | Not for loan | Home library | Current library | Date acquired | Source of acquisition | Cost, normal purchase price | Total checkouts | Full call number | Barcode | Date last seen | Price effective from | Koha item type |
|---|---|---|---|---|---|---|---|---|---|---|---|---|---|---|
| Dewey Decimal Classification | Information Access | Acquisition, Cataloguing, Classification and Distribution Development | 05/11/2026 | BAI | 1500.00 | 843.92 APP | B237849 | 05/11/2026 | 05/11/2026 | Books |
